[Event "Papaéu, nada vai me acontecer!"]
[Site "http://www.queenalice.com/game.php?id=630368"]
[Date "2009.8.4"]
[Round "-"]
[White "roquefrizzo"]
[Black "ElviSmart"]
[Result "1/2-1/2"]
[WhiteElo "1549"]
[BlackElo "1363"]

1. e4 e5 2. Bc4 Qe7 3. b3 Nc6 4. Nc3 Qf6 5. Nd5 Qd6 6. Ba3 Qxa3 7. Nxc7+ Ke7 8.
Nxa8 b6 9. Qf3 Nf6 10. Nc7 Nd4 11. Qc3 Kd8 12. Bxf7 Bb4 13. Qc4 b5 14. Nxb5 Nxb5
15. Qxb5 Nxe4 16. Qxe5 Nf6 17. Qd4 Rf8 18. Be6 Re8 19. Ne2 Rxe6 20. Qd3 Qb2 21.
O-O Qa3 22. Nf4 Rd6 23. Qc4 Ba6 24. Qf7 Bxf1 25. Rxf1 Bxd2 26. Rd1 Bxf4 27. Rf1
Qxa2 28. Qxg7 Qxc2 29. Qf8+ Ne8 30. Qxf4 Rd1 31. g3 Qd3 32. Rxd1 Qxd1+ 33. Kg2
Qxb3 34. Qh4+ Kc8 35. Qe7 Qd5+ 36. Kg1 Nd6 37. Qxh7 a5 38. Qh8+ Kc7 39. h4 Nf7
40. Qa1 Qh5 41. f4 Nh6 42. Qe5+ Qxe5 43. fxe5 a4 44. h5 a3 45. Kf2 a2 46. Kf3
a1=Q 47. g4 Qxe5 48. g5 Nf5 49. Kf2 Qe3+ 50. Kf1 Ng3+ 51. Kg2 Ne2 52. g6 Nf4+
53. Kf1 Nxh5 54. Kg2 Qf4 55. Kg1 Qf3 56. Kh2 d5 57. g7 Nxg7 58. Kg1 d4 59. Kh2
d3 60. Kg1 d2 61. Kh2 Qf4+ 62. Kg2 d1=Q 63. Kh3 Qg1 1/2-1/2

[Event "Conterrâneo"]
[Site "http://www.queenalice.com/game.php?id=669739"]
[Date "2009.10.20"]
[Round "-"]
[White "Menes"]
[Black "roquefrizzo"]
[Result "1-0"]
[WhiteElo "1648"]
[BlackElo "1576"]

1. e4 Nc6 2. d4 e5 3. d5 Nd4 4. c3 Qh4 5. cxd4 Qxe4+ 6. Qe2 Bb4+ 7. Bd2 Bxd2+ 8.
Nxd2 Qxd4 9. Ndf3 Qxb2 10. Qxb2 d6 11. Ng5 f6 12. Ne6 Bxe6 13. Qxb7 Bxd5 14.
Qxd5 Rd8 15. Qc6+ Rd7 16. Bb5 Kf7 17. Qxd7+ Kg6 18. Bd3+ Kg5 19. Qxg7+ Kh5 20.
Be2+ Kh4 21. Qg3# 1-0

[Event "Challenge"]
[Site "http://www.queenalice.com/game.php?id=675158"]
[Date "2009.10.30"]
[Round "-"]
[White "jjjcarvalho"]
[Black "roquefrizzo"]
[Result "1-0"]
[WhiteElo "1655"]
[BlackElo "1566"]

1. e4 Nc6 2. Nf3 e5 3. Bb5 Nd4 4. Nxd4 exd4 5. d3 Qh4 6. Qf3 g6 7. Bc4 f6 8. c3
c5 9. Bf4 d6 10. Bg3 Qg5 11. Nd2 Bh6 12. Rd1 Bg4 13. h4 Qxd2+ 14. Rxd2 Bxf3 15.
gxf3 dxc3 16. Rc2 Bd2+ 17. Ke2 Bh6 18. bxc3 O-O-O 19. Rb1 f5 20. Be6+ Rd7 21.
Bxd7+ Kxd7 22. Rxb7+ Kc6 23. Rxa7 f4 24. Bh2 Nf6 25. a4 Rb8 26. a5 Rb1 27. a6
Ra1 28. Rf7 Nxe4 29. dxe4 Rxa6 30. Rxh7 Bf8 31. Bxf4 Ra4 32. Rf7 Ra8 33. Rd2 Kb5
34. Rb2+ Kc4 35. Kd2 Ra3 36. Rxf8 Rxc3 37. Rc2 Rxc2+ 38. Kxc2 Kd4 39. Rf6 d5 40.
exd5 Kxd5 41. Rxg6 c4 42. h5 Kd4 43. h6 c3 44. h7 Kc4 45. h8=Q Kb4 46. Rg5 Kc4
47. Qc8+ Kb4 48. Qxc3+ Ka4 49. Qa5# 1-0

[Event "Challenge"]
[Site "http://www.queenalice.com/game.php?id=765703"]
[Date "2010.4.24"]
[Round "-"]
[White "Mr_SPOCK"]
[Black "roquefrizzo"]
[Result "1-0"]
[WhiteElo "1484"]
[BlackElo "1549"]

1. e4 e5 2. Nf3 d6 3. d4 Bg4 4. d5 h6 5. Be2 Nf6 6. O-O Nxe4 7. Na3 h5 8. Bb5+
Bd7 9. Qd3 Nc5 10. Qc3 e4 11. Re1 h4 12. Bg5 f6 13. Bf4 h3 14. g3 a6 15. Bd3 Bg4
16. Bxe4 Qe7 17. Bg6+ Kd7 18. Rxe7+ Bxe7 19. b4 Ne4 20. Qd4 Bxf3 21. Bf5+ Kd8
22. Re1 Nxg3 23. Bxg3 Bg2 24. Be6 a5 25. b5 Nd7 26. Bxd7 Kxd7 27. Qa4 Bxd5 28.
c4 Bg2 29. b6+ Bc6 30. Nb5 cxb6 31. c5 bxc5 32. Qc4 Rhf8 33. Qe6+ Kd8 34. Qxe7+
Kc8 35. Qc7# 1-0

[Event ";)"]
[Site "http://www.queenalice.com/game.php?id=779146"]
[Date "2010.5.22"]
[Round "-"]
[White "roquefrizzo"]
[Black "Mr_SPOCK"]
[Result "0-1"]
[WhiteElo "1530"]
[BlackElo "1555"]

1. d4 d5 2. Nc3 Nf6 3. Nf3 Nc6 4. e3 Bg4 5. Bb5 Ne4 6. Nxd5 Qxd5 7. Bxc6+ bxc6
8. Qd3 Nxf2 9. Qa6 Nxh1 10. Qb7 Rd8 11. Qxc7 e5 12. Nxe5 Be7 13. Nxg4 Bh4+ 14.
Kd2 Qxg2+ 15. Kd3 O-O 16. Ne5 Nf2+ 17. Kc3 Ne4+ 18. Kb3 Rb8+ 19. Ka4 Nc3+ 20.
Ka5 Bd8 21. Qxd8 Rbxd8 22. bxc3 Qxc2 23. Nxc6 Qxc3+ 24. Kb5 Rd5+ 25. Ka6 Qxc6+
26. Kxa7 Ra8# 0-1

[Event ":))"]
[Site "http://www.queenalice.com/game.php?id=791677"]
[Date "2010.6.18"]
[Round "-"]
[White "Mr_SPOCK"]
[Black "roquefrizzo"]
[Result "0-1"]
[WhiteElo "1565"]
[BlackElo "1510"]

1. e4 e5 2. Nf3 d6 3. Bc4 Be6 4. Bb5+ c6 5. Ba4 g5 6. O-O g4 7. Ne1 d5 8. exd5
Qxd5 9. Nc3 Qd4 10. Ne2 Qxa4 11. b3 Qb5 12. Nc3 Qb4 13. a3 Qe7 14. Ne4 Bf5 15.
Ng3 Nh6 16. a4 e4 17. Nd3 exd3 18. c4 Qh4 19. Re1+ Kd8 20. Re3 Bc5 21. Re5 Bxf2+
22. Kxf2 Re8 23. Bb2 Qxh2 24. Rxe8+ Kxe8 25. Bg7 Be4 26. Nxe4 Qf4+ 27. Kg1 Qxe4
28. Bxh6 g3 29. Qh5 Qd4+ 30. Be3 Qxa1+ 31. Qd1 Qxd1# 0-1

[Event "Challenge"]
[Site "http://www.queenalice.com/game.php?id=803027"]
[Date "2010.7.13"]
[Round "-"]
[White "EdoVillarroel"]
[Black "roquefrizzo"]
[Result "1-0"]
[WhiteElo "1862"]
[BlackElo "1525"]

1. e4 e5 2. Nf3 d6 3. d4 Bg4 4. dxe5 dxe5 5. Qxd8+ Kxd8 6. Nxe5 Be6 7. Nc3 f6 8.
Nf3 g5 9. Nd4 Bg4 10. Bc4 Bc5 11. Be3 Nd7 12. f3 Ne5 13. fxg4 Nxc4 14. Ne6+ Kd7
15. Nxc5+ Kc6 16. Bf2 Nxb2 17. Nxb7 Kxb7 18. Rb1 Nh6 19. h3 1-0

[Event "Challenge"]
[Site "http://www.queenalice.com/game.php?id=803031"]
[Date "2010.7.13"]
[Round "-"]
[White "EdoVillarroel"]
[Black "roquefrizzo"]
[Result "1-0"]
[WhiteElo "1865"]
[BlackElo "1522"]

1. e4 e5 2. Nf3 d6 3. d4 Bg4 4. h3 Bxf3 5. Qxf3 exd4 6. Bd3 Qf6 7. Nd2 Qxf3 8.
Nxf3 Nc6 9. b3 d5 10. exd5 Bb4+ 11. Nd2 Bc3 12. Rb1 Nb4 13. O-O Nxa2 14. Ne4 Ba5
15. Bb2 Nb4 16. Bb5+ c6 17. dxc6 bxc6 18. Ba4 Nxc2 19. Bxc6+ 1-0